Poradenské listy pro výrobkové manažery a vedoucí marketingu.
Marketing 2000. Rozvoj informačnej technológie, hodnota informácií. Tézy prof. Glazera o pôsobení informačnej revolúcie na marketing. Značková politika. Štyri smernice k vytváraniu úspešných značiek. Zostavovanie ponuky pomocou konfiguračných systémov. Marketing investičných statkov a high tech. Odm...
Salvato in:
| Natura: | Capitolo di libro |
|---|---|
| Lingua: | ceco |
| Soggetti: | |
| Tags: |
Nessun Tag, puoi essere il primo ad aggiungerne!!
|
MARC
| LEADER | 00000naa a2200000 4500 | ||
|---|---|---|---|
| 001 | r012857 | ||
| 005 | 20221213090211.1 | ||
| 041 | 0 | |a cze | |
| 044 | |a SK | ||
| 245 | 1 | 0 | |a Poradenské listy pro výrobkové manažery a vedoucí marketingu. |
| 520 | |a Marketing 2000. Rozvoj informačnej technológie, hodnota informácií. Tézy prof. Glazera o pôsobení informačnej revolúcie na marketing. Značková politika. Štyri smernice k vytváraniu úspešných značiek. Zostavovanie ponuky pomocou konfiguračných systémov. Marketing investičných statkov a high tech. Odmeňovanie predajcov v teréne v závislosti na krycom príspevku. | ||
| 610 | 2 | 0 | |a marketing |
| 610 | 2 | 0 | |a informácie |
| 610 | 2 | 0 | |a technológie informačné |
| 610 | 2 | 0 | |a značky výrobné |
| 610 | 2 | 0 | |a ponuka |
| 610 | 2 | 0 | |a technológie nové |
| 610 | 2 | 0 | |a predajcovia |
| 610 | 2 | 0 | |a odmeňovanie |
| 610 | 2 | 0 | |a poradenstvo |